000 00435cam a2200181ua 4500
020 _c25.00
041 _aeng
_h
082 _a828.09
_bSAI/HI
100 _aSaintsbury, George .
245 _aHistory of English criticism /
_cGeorge Saintsbury.
_hTextual Documents
250 _a1 /
_b.
260 _a :
_bWilliam Black ,
_c1911.
300 _a551.
365 _a25.00
504 _a
942 _cBK
999 _c5321
_d5321